Porovnanie 250 MeV protónového cyklotrónu so synchrotrónom pri rádioterapii očnej šošovky

Enregistré dans:
Détails bibliographiques
Auteur principal: Šagátová, Andrea
Autres auteurs: Gomola, Igor, Fülöp, Marko, Ragan, Pavol, Foltínová, Ľubica, 1975-
Format: Chapitre de livre
Langue:slovaque
Sujets:
Tags: Ajouter un tag
Pas de tags, Soyez le premier à ajouter un tag!

MARC

LEADER 00000naa$a2200000$$$4500
001 0281200
005 20240502083903.9
041 0 |a slo 
044 |a CZ 
245 1 0 |a Porovnanie 250 MeV protónového cyklotrónu so synchrotrónom pri rádioterapii očnej šošovky 
500 |a abstrakt 
610 2 0 |a medicína 
610 2 0 |a simulácia 
100 1 |a Šagátová, Andrea 
700 1 |a Gomola, Igor 
700 1 |a Fülöp, Marko 
700 1 |a Ragan, Pavol 
700 1 |a Foltínová, Ľubica, 1975-